000
00261nam a2200097Ia 4500
001
779362
005
20250826165943.0
008
250824s9999 xx 000 0 und d
245
0
_a
EĞİTİMDE DEĞİŞİM YÖNETİMİ
_c
İRFAN ERDOĞAN
260
_b
PEGEM A YAYINLARI
999
_c
779362
_d
779362